000 01034nam a2200265 a 4500
001 80277
003 BD-RjUL
005 20230822111816.0
008 220901s2016 bg a|||| m||| 00| 0 eng d
035 _a(BD-RjUL)80277
040 _aBD-RjUL
_beng
_cBD-RjUL
_dBD-RjUL
041 _aeng
082 _223
_a362.2965492
_bRAM 2016
100 _aRahman, Md. Tahidur
_94587
245 1 0 _aMeasuring the Level of Knowledge and Awareness of Tobacco Use in Bangladesh /
_cMd. Tahidur Rahman ;
_6Supervisor : Dulal Chandra Roy, Co-Supervisor : Papia Sultana
260 _aRajshahi :
_bDepartment of Statistics, University Of Rajshahi,
_c2016
300 _a[6], xi, 250 leaves :
_bill.;
_c29 cm.
502 _aThesis (M.Phil.) -- Department of Statistics, University of Rajshahi,2016
504 _aReference : Leaves 234-249
650 _aSocial Problems
_zBangladesh
_94588
650 _aTobacco Use
_zBangladesh
_94589
700 _aRoy, Dulal Chandra, Supervisor
_94590
700 _aSultana, Papia, Co-Supervisor
_94591
942 _2ddc
_cTHE
999 _c80277
_d80277